| Tag |
First Indicator |
Second Indicator |
Subfields |
| LEADER |
00000cas a2200000Ia 4500 |
| 001 |
in00002364539 |
| 005 |
20151109040900.0 |
| 008 |
831017d19uu1969inuar 1 0eng d |
| 035 |
|
|
|a (OCoLC)ocm10025412
|
| 035 |
|
|
|a (OCoLC)10025412
|
| 040 |
|
|
|a ILU
|c ILU
|d OCL
|d OCLCQ
|d TXA
|d UtOrBLW
|
| 049 |
|
|
|a TXAM
|
| 090 |
|
|
|a SB950
|b .P8
|
| 111 |
2 |
|
|a Pest Control Operators Conference.
|
| 245 |
1 |
0 |
|a Annual Pest Control Operators Conference ...
|
| 246 |
1 |
4 |
|a Annual Purdue Pest Control Conference
|f <1967>
|
| 246 |
1 |
4 |
|a Annual Purdue Pest Control Operators Conference
|f <1968>
|
| 264 |
|
1 |
|a Lafayette, Ind. :
|b Purdue University.
|
| 300 |
|
|
|a volumes :
|b illustrations ;
|c 28 cm.
|
| 336 |
|
|
|a text
|b txt
|2 rdacontent
|
| 337 |
|
|
|a unmediated
|b n
|2 rdamedia
|
| 338 |
|
|
|a volume
|b nc
|2 rdacarrier
|
| 500 |
|
|
|a Description based on 31st, 1967.
|
| 550 |
|
|
|a Sponsored by the Dept. of Entomology, Purdue University, in cooperation with the National Pest Control Association and the U.S. Dept of Interior.
|
| 650 |
|
0 |
|a Pests
|x Control
|v Congresses.
|
| 710 |
2 |
|
|a Purdue University.
|b Department of Entomology.
|
| 710 |
2 |
|
|a National Pest Control Association.
|
| 710 |
1 |
|
|a United States.
|b Department of the Interior.
|
| 785 |
0 |
0 |
|a Purdue Pest Control Conference.
|t Annual Purdue Pest Control Conference (1970)
|w (DLC)sn 85022211
|w (OCoLC)9142322
|
| 994 |
|
|
|a C0
|b TXA
|
| 948 |
|
|
|a cataloged
|b h
|c 2008/3/17
|d c
|e coplinger
|f 11:03:54 am
|
| 999 |
|
|
|a MARS
|
| 999 |
f |
f |
|s 58e69e23-6401-3342-8c3c-e53c6215834e
|i 517c26f5-4525-3aca-8d32-f6621d7ea89e
|t 0
|
| 952 |
f |
f |
|p ric
|a Texas A&M University
|b Rellis Campus
|c Joint Library Facility
|d Remote Storage
|t 0
|e SB950 .P8
|h Library of Congress classification
|i unmediated -- volume
|k 32nd
|l 1968
|m A14809058495
|
| 952 |
f |
f |
|p ric
|a Texas A&M University
|b Rellis Campus
|c Joint Library Facility
|d Remote Storage
|t 0
|e SB950 .P8
|h Library of Congress classification
|i unmediated -- volume
|k 31st
|l 1967
|m A14809070994
|
| 998 |
f |
f |
|a SB950 .P8
|s 31st-32nd (1967-1968)
|t 0
|l Remote Storage
|